000 00847nam a2200265 a 4500
001 16194
003 BD-RjUL
005 20211208235955.0
008 140211s1966 nyua b 001 0 eng d
035 _aOCLC ocm00568331 from D971013M
_a(BD-RjUL) 16249
040 _aWSU
_cWSU
_dUKM
_dBD-RjUL
_beng
041 _aeng
082 0 4 _a660.28424
_218
_bPFZ 1958
090 _aTP156.Z6
_bP43 1966
100 1 _aPfann, William G.
_950107
245 1 0 _aZone melting /
_cby William G. Pfann.
250 _a2nd ed.
260 _aNew York :
_bWiley,
_cc1966
300 _axiv,310 p. :
_bill. ;
_c24 m.
490 1 _aWiley series on the science and technology of materials
504 _aIncludes bibliographies and index.
650 0 _aZone melting.
_932153
830 0 _aWiley series on the science and technology of materials
_9205490
942 _2ddc
_cBK
999 _c16194
_d16194